书目信息 |
| 题名: |
高中代数教案
|
|
| 作者: | 明知白 , 蒋佩锦 主编 | |
| 分册: | ||
| 出版信息: | 北京 北京师范大学出版社 1999.10 |
|
| 页数: | 193页 | |
| 开本: | 26cm | |
| 丛书名: | 课堂教学设计丛书 | |
| 单 册: | ||
| 中图分类: | G633.62 | |
| 科图分类: | ||
| 主题词: | 教育--各级 | |
| 电子资源: | ||
| ISBN: | 7-303-00028-3 | |
| 000 | 00715nam0 2200229 45 | |
| 001 | 0004031038 | |
| 005 | 20061017170311.89 | |
| 010 | @a7-303-00028-3@dCNY17.60 | |
| 100 | @a20000403d1999 km y0chiy0120 ea | |
| 101 | 0 | @achi |
| 200 | 1 | @a高中代数教案@e一年级@AGao Zhong Dai Shu Jiao An@AGao Zhong Dai Shu Jiao An@f明知白,蒋佩锦主编@FMing Zhi Bai,Jiang Pei Jin Zhu Bian@EYi Nian Ji |
| 210 | @a北京@c北京师范大学出版社@d1999.10 | |
| 215 | @a193页@d26cm | |
| 225 | @a课堂教学设计丛书 | |
| 410 | @12001 @a课堂教学设计丛书 | |
| 517 | @a一年级@AYi Nian Ji | |
| 606 | 0 | @a教育@x各级 |
| 690 | @aG633.62@v1 | |
| 701 | 0 | @a明知白@4主编 |
| 701 | 0 | @a蒋佩锦@4主编 |
| 801 | @aCN@bTSTC@c20061017 | |
| 905 | @dG633.62@e286:1 | |
| 高中代数教案:一年级/明知白,蒋佩锦主编.-北京:北京师范大学出版社,1999.10 |
| 193页;26cm.-(课堂教学设计丛书) |
| ISBN 7-303-00028-3:CNY17.60 |
| ● |
| 相关链接 |
|
|
|
|
正题名:高中代数教案
索取号:G633.62/286:1
 
预约/预借
| 序号 | 登录号 | 条形码 | 馆藏地/架位号 | 状态 | 备注 |
| 1 | 0286488 | 002864886 | 第四借阅区/ [索取号:G633.62/286:1] | 在馆 | |
| 2 | 0286489 | 002864895 | 第四借阅区/ [索取号:G633.62/286:1] | 在馆 | |
| 3 | 0286490 | 002864902 | 第四借阅区/ [索取号:G633.62/286:1] | 在馆 | |
| 4 | 0286491 | 002864911 | 第四借阅区/ [索取号:G633.62/286:1] | 在馆 | |
| 5 | 0286492 | 002864920 | 第四借阅区/ [索取号:G633.62/286:1] | 在馆 | |
| 6 | 0286493 | 002864939 | 第四借阅区/ [索取号:G633.62/286:1] | 在馆 | |
| 7 | 0286494 | 002864948 | 第四借阅区/ [索取号:G633.62/286:1] | 在馆 | |
| 8 | 0286495 | 002864957 | 第四借阅区/ [索取号:G633.62/286:1] | 在馆 | |
| 9 | 0286496 | 002864966 | 第四借阅区/ [索取号:G633.62/286:1] | 在馆 | |
| 10 | 0286497 | 002864975 | 第四借阅区/ [索取号:G633.62/286:1] | 在馆 | |
| 11 | 0286498 | 002864984 | 第四借阅区/ [索取号:G633.62/286:1] | 在馆 | |
| 12 | 0286499 | 002864993 | 第四借阅区/ [索取号:G633.62/286:1] | 在馆 | |
| 13 | 0286500 | 002865000 | 第四借阅区/ [索取号:G633.62/286:1] | 在馆 | |
| 14 | 0286501 | 002865019 | 第四借阅区/ [索取号:G633.62/286:1] | 在馆 | |
| 15 | 0286502 | 002865028 | 第四借阅区/ [索取号:G633.62/286:1] | 在馆 | |
| 16 | 0286503 | 002865037 | 第四借阅区/ [索取号:G633.62/286:1] | 在馆 | |
| 17 | 0286504 | 002865046 | 第四借阅区/ [索取号:G633.62/286:1] | 在馆 | |
| 18 | 0286505 | 002865055 | 第一样本阅览室/ [索取号:G633.62/286:1] | 在馆 | |
| 19 | 0286506 | 002865064 | 第四借阅区/ [索取号:G633.62/286:1] | 在馆 | |
| 20 | 0286507 | 002865073 | 第四借阅区/ [索取号:G633.62/286:1] | 在馆 | |
| 21 | 0503890 | 205038902 | 密集书库/ [索取号:G633.62/286:1] | 在馆 |